000 00668nam a22002297a 4500
003 OSt
005 20240704014640.0
006 a
008 240704b |||||||| |||| 00| 0 eng d
020 _a0521597250
040 _aDWCL-Main lib.
_cOC
082 _aCirc. 551.21 V911 2008
245 _aVolcanoes and the environment /
260 _aUK :
_bCambridge University Press,
_cc2008.
300 _axiv,
_b471 p. : ill. ;
_c25 cm.
504 _aIncludes bibliographical references and index.
650 _a1. Volcanoes.
650 _a2. Volcanoes-Environmental aspects.
700 _aJoan Marti
700 _aGerald Ernst
942 _2ddc
_n0
_cBK-CIRC
_kCirc.
999 _c1917
_d1917